000 00803cab a2200229 4500
001 ABS52151
008 090401t1995 xxu||||| |||| 00| 0 eng d
035 _a(Sirsi) u63691
041 _aeng
100 _aMaher, I.
245 4 _aThe new Sunday: reregulating Sunday trading
260 _c1995
350 _a0
490 _aModern Law Review
_v58(1) January 1995, 72-86(15)
520 _aReview of the Sunday Trading Act 1994 focusing on its scope and content. Examines the way the statute has balanced the different interests of those affected by it and concludes with an analysis of how reform is achieved on contentious issues. References.
650 _aRETAILING
650 _aSUNDAY TRADING ACT 1994
650 _aSUNDAY TRADING
690 _aLAW
942 _n0
948 _c04/03/1997
999 _c39607
_d39607